| 000 | 01902nam a2200253Ia 4500 | ||
|---|---|---|---|
| 008 | 260220t1967||||xx |||||||||||||| ||spa|| | ||
| 040 |
_aPY-SlUNAC _bspa _erda |
||
| 041 | _aspa | ||
| 082 |
_a302.23 _bG589r |
||
| 100 |
_aGonzález Casanova, Jose Antonio _eAutor |
||
| 245 | 0 |
_aEl régimen político de la televisión / _cpor Jose Antonio González Casanova [Autor] |
|
| 250 | _aPrimera edición | ||
| 264 |
_aBarcelona : _bNova Terra, _c℗1967. |
||
| 300 | _a212 páginas | ||
| 520 | _aEn "El régimen político de la televisión", José Antonio González Casanova examina el impacto de la televisión en la esfera política y social, analizando su papel como herramienta de comunicación masiva y su influencia en la formación de la opinión pública. A través de un enfoque crítico, el autor explora cómo la televisión no solo informa, sino que también configura la realidad y los discursos políticos, convirtiéndose en un actor clave en la democracia contemporánea. Casanova discute las implicaciones del control y la regulación de los medios, destacando las tensiones entre la libertad de expresión y la censura. Además, aborda el fenómeno de la manipulación mediática y su capacidad para moldear percepciones y comportamientos del electorado. La obra invita a reflexionar sobre las responsabilidades de los medios de comunicación en la construcción de una sociedad informada y participativa, así como sobre el desafío que representa la televisión en la consolidación de sistemas democráticos. En conjunto, el texto ofrece una perspectiva profunda sobre la intersección entre medios, política y cultura. | ||
| 653 | _aMedios de comunicación | ||
| 653 | _aPolítica | ||
| 653 | _aTelevisión | ||
| 942 |
_b2026/02/17 _cBK |
||
| 999 |
_c6947 _d6947 |
||